| 000 | 00996nam a22002537a 4500 | ||
|---|---|---|---|
| 005 | 20170124102951.0 | ||
| 010 | _aA-633651 | ||
| 020 | _c80.00 | ||
| 035 | _aA-633651 | ||
| 037 | _bCen Lib/Ret | ||
| 040 |
_aDPL _bHN |
||
| 082 |
_a821 _bतलरे |
||
| 100 |
_aतलरेजा, लीला _951762 |
||
| 245 |
_aज़मीन पर ज़मीन की तलाश / _cलीला तलरेजा |
||
| 246 |
_aZameen par zameen ki talash / _bby Leela Talreja |
||
| 260 |
_aदिल्ली _bहीरा प्रकाशन _c1991 |
||
| 270 |
_a2867, सब्जी मंडी _bदिल्ली _e110006 |
||
| 300 |
_a120पृ. _c20सेमी(सजिल्द) |
||
| 650 |
_aहिंदी साहित्य _951763 |
||
| 650 |
_aहिंदी साहित्य -- कविता _951764 |
||
| 650 |
_aHindi literature _951765 |
||
| 650 |
_aHindi literature -- Poetry _951766 |
||
| 942 |
_2ddc _cHN _h821 _mतलरे |
||
| 999 |
_c113330 _d113330 |
||